000 00195 a2200097 4500
020 _a9780375725609
041 _aeng
100 _aErik Larson
245 _aThe devil in the white city
942 _cK
999 _c26959
_d26959